Saint Louis Cardinals 2025 Roster - Statistics

General Stats
  • This quiz has been taken 24 times
  • The average score is 16 of 31
Answer Stats
Jersey # Pos Player % Correct
21 LF Lars Nootbaar
94%
18 RF Jordan Walker
88%
0 SS Masyn Winn
88%
28 3B Nolan Arenado
88%
43 C Pedro Pages
88%
40 1B Willson Contreras
88%
54 P Sonny Gray
76%
16 2B Nolan Gorman
71%
11 CF Victor Scott II
71%
26 2B Brendan Donovan
59%
15 2B Jose Fermin
59%
39 P Miles Mikolas
59%
63 C Yohel Pozo
59%
41 1B Alec Burleson
53%
48 C Ivan Herrera
53%
27 LF Nathan Church
53%
53 P Andre Pallante
41%
47 BP John King
41%
59 BP JoJo Romero
41%
52 P Matthew Liberatore
41%
36 P Michael McGreevy
41%
25 2B Thomas Saggese
41%
8 C Jimmy Crooks
35%
55 BP Riley O'Brien
35%
62 BP Kyle Leahy
29%
49 BP Matt Svanson
29%
64 BP Ryan Fernandez
29%
44 BP Gordon Graceffo
24%
58 BP Chris Roycroft
18%
56 BP Jorge Alcala
12%
70 BP Nick Raquet
12%
No matching quizzes found
Score Distribution
Percent of People with Each Score
Percentile by Number Answered
Your Score History
You have not taken this quiz